000 00543nam a2200217Ia 4500
003 OSt
005 20221007082834.0
006 a|||||r|||| 00| 0
007 ta
008 221006b |||||||| |||| 00| 0 eng d
024 _a30,270
037 _cDissertations
040 _aFLL
_cFLL
_beng
041 _2eng
_aeng
100 _aJayendra
_9699600
245 0 _aGlobalization of patent laws with special reference to India
260 _c2005
300 _a230p
_ccm.
942 _cDIS
_2CC
999 _c1167899
_d1167899